000 00548cam a2200169 4500500
005 20260329005914.0
041 _afre
042 _adc
100 1 0 _aLacroix, Alexandre
_eauthor
245 0 0 _aMétaphysique en baskets
260 _c2017.
500 _a89
690 _aMarche
690 _aPeter Handke
786 0 _nPhilosophie magazine - Hors séries | Hors-série Été 2017 | HS34 | 2017-07-01 | p. 19-19 | 2104-9246
856 4 1 _uhttps://shs.cairn.info/magazine-philosophie-magazine-2017-hs34-page-19?lang=fr&redirect-ssocas=7080
999 _c1847754
_d1847754